Central Library OPAC University of Rajshahi

Media and journalism / (Record no. 1866)

MARC details
000 -LEADER
fixed length control field 00523nam a22002057a 4500
001 - CONTROL NUMBER
control field 1866
003 - CONTROL NUMBER IDENTIFIER
rucl marc code BD-RjUL
005 - DATE AND TIME OF LATEST TRANSACTION
control field 20211208233429.0
008 - FIXED-LENGTH DATA ELEMENTS--GENERAL INFORMATION
fixed length control field 131209s2008 ii ||||| |||| 00| 0 eng d
020 ## - INTERNATIONAL STANDARD BOOK NUMBER
International Standard Book Number 8131300625
035 ## - SYSTEM CONTROL NUMBER
System control number (BD-RjUL)
040 ## - CATALOGING SOURCE
Original cataloging agency BD-RjUL
Language of cataloging eng
Transcribing agency BD-RjUL
Modifying agency BD-RjUL
041 ## - LANGUAGE CODE
Language code of text/sound track or separate title eng
082 ## - DEWEY DECIMAL CLASSIFICATION NUMBER
Edition number 22
Classification number 302.2
Author mark and year SIM
100 ## - MAIN ENTRY--PERSONAL NAME
Personal name Singh, J K
9 (RLIN) 6170
245 ## - TITLE STATEMENT
Title Media and journalism /
Statement of responsibility, etc. J K Singh
260 ## - PUBLICATION, DISTRIBUTION, ETC. (IMPRINT)
Place of publication, distribution, etc. New Delhi :
Name of publisher, distributor, etc. A.P.H. Pub.,
Date of publication, distribution, etc. c2008
300 ## - PHYSICAL DESCRIPTION
Pagination ix, 258 p. ;
Size 23 cm.
942 ## - ADDED ENTRY ELEMENTS (KOHA)
Source of classification or shelving scheme Dewey Decimal Classification
Koha item type Books
Holdings
Lost status Source of classification or shelving scheme Damaged status Not for loan Collection code Permanent Location Current Location Shelving location Date acquired Source of acquisition Cost, normal purchase price Total Checkouts Full call number Date last seen Date checked out Copy number Koha item type
  Dewey Decimal Classification     Non-fiction Central Library, University of Rajshahi Central Library, University of Rajshahi   20/09/2010 Paragon Enterprise Ltd. 695.00 1 302.2 SIM 2008 28/07/2016 18/07/2016 C-2 Books
  Dewey Decimal Classification     Non-fiction Central Library, University of Rajshahi Central Library, University of Rajshahi   20/09/2010 Paragon Enterprise Ltd. 695.00   302.2 SIM 2008 09/12/2013   C-3 Books
  Dewey Decimal Classification   Not For Loan Non-fiction Central Library, University of Rajshahi Central Library, University of Rajshahi Reading Room 22/04/2009 Dhaka Progan Enterprise 658.00   302.2 SIM 2007 26/12/2016   C-1 Books